| 000 | 01514cam a22003857a 4500 | ||
|---|---|---|---|
| 003 | CHAP | ||
| 005 | 20250131101134.0 | ||
| 008 | 971013s1990 r 00010 d | ||
| 010 | _a3014 | ||
| 011 | _a3986 | ||
| 035 | _a3187 | ||
| 040 | _cCHAP | ||
| 082 |
_a633 _bK7 |
||
| 100 | 0 | 0 |
_aKrishnamurthy, Laksmi Reddiar _963939 |
| 245 | 1 | 3 |
_aEl mejoramiento de los cultivos alimenticios _b: estrategias de los centros internacionales |
| 260 |
_aChapingo, Méx. : _bUACH. Dirección de Difusión Cultural, _c1990 |
||
| 300 |
_a29 p. _b: ilus |
||
| 590 |
_aBATCH-UPD _b10 _c20130110 _lUCH01 _h0930 |
||
| 590 |
_aBATCH-UPD _b10 _c20130410 _lUCH01 _h0549 |
||
| 590 |
_aBATCH-UPD _b10 _c20130914 _lUCH01 _h1116 |
||
| 590 |
_aCONVERSION _b10 _c20130109 _lUCH01 _h1303 |
||
| 650 | 1 | 4 |
_aCultivos _xInvestigación. _930285 |
| 650 | 1 | 4 |
_aCultivos _xMejoramiento. _930293 |
| 700 | 0 |
_aSahagún Castellanos, Jaime. _9101191 |
|
| 710 | _aUACH. Departamento de Fitotecnia | ||
| 901 | _aBK | ||
| 942 | _cLIBRO | ||
| 949 |
_a633 K7 _bBC _cLIBRO _d33724000189536 _eLIBRO _fc.7 _h83972 _i3187 _si |
||
| 949 |
_a633 K7 _bBC _cLIBRO _d33724000189544 _eLIBRO _fc.2 _h81320 _i3187 _si |
||
| 949 |
_a633 K7 _bBC _cLIBRO _d33724000189551 _eLIBRO _fc.3 _h81321 _i3187 _si |
||
| 949 |
_a633 K7 _bBC _cLIBRO _d33724000189569 _eLIBRO _fc.4 _h81322 _i3187 _si |
||
| 949 |
_a633 K7 _bBC _cLIBRO _d33724000189577 _eLIBRO _fc.5 _h81323 _i3187 _si |
||
| 949 |
_a633 K7 _bBC _cLIBRO _d33724000189585 _eLIBRO _fc.6 _h83971 _i3187 _si |
||
| 949 |
_a633 K7 _bBC _cUACH _d-12698 _eUACH _h81305 _i3187 _si |
||
| 999 |
_c3014 _d3014 |
||